| 000 | 00827nam a2200241 a 4500 | ||
|---|---|---|---|
| 001 | BRL_494 | ||
| 005 | 20190320210753.0 | ||
| 008 | 210813s1960----gw-abo####---#000-0#ger-# | ||
| 041 | _ager | ||
| 044 | _agw | ||
| 050 | 4 |
_aN5305 _b.K86 11 1960 |
|
| 100 | 1 |
_aPhilippe Groslier, Bernard _924098 |
|
| 245 | 1 | 0 |
_aHinterindien _bKunst im schmelztiegel der rassen _cvon Bernard Philippe Groslier. |
| 260 |
_aGermany _bHolle-Verlag Baden-Baden _c1960 |
||
| 300 |
_a286 p. _bil. (algunas a color) _c23 cm. |
||
| 440 | 0 |
_aKunst der Welt; ihre geschichtlichen, soziologischen und religiösen Grundlagen _pDie aussereuropäischen Kulturen _v11 _924099 |
|
| 500 | _aAu521 | ||
| 500 | _aBibliografía: p. 269-273 | ||
| 650 | 1 | 4 |
_aArte indochino _924100 |
| 651 | 4 |
_aAsia Sudoriental _xAntigüedades _924101 |
|
| 902 | _aGRL | ||
| 942 |
_2lcc _cB |
||
| 999 |
_c9306 _d9306 |
||